[Event "Bhopal GM Open 2019"]
[Site "Bhopal"]
[Date "2019.12.26"]
[Round "8.9"]
[White "Bharat Kumar Reddy Poluri"]
[Black "Anadkat Kartavya"]
[Result "0-1"]
[WhiteElo "2337"]
[BlackElo "2023"]
[Annotator "TA"]
[PlyCount "74"]
[EventDate "2019.12.21"]
[EventType "swiss"]
[EventCountry "IND"]
[SourceTitle "playchess.com"]
[Source "ChessBase"]
[SourceQuality "1"]

{[%evp 30,74,22,19,21,28,25,-4,-8,-6,0,-32,-36,-33,-41,-39,16,-6,-13,-14,-11,-76,-73,-70,-58,-150,-61,-60,-45,-55,-49,-65,-48,-49,-42,-101,-133,-366,-366,-945,-1031,-29986,-29987,-29987,-29988,-29991,-1531]} 1. e4 e5 2. Nf3 Nc6 3. Bb5 a6 4. Ba4 Nf6 5. O-O Be7 6. Re1 b5 7. Bb3 d6 8. c3 O-O 9. h3 Nb8 10. d4 Nbd7 11. Nbd2 Bb7 12. Bc2 Re8 13. Nf1 Bf8 14. Ng3 g6 15. Bg5 h6 16. Bd2 exd4 {C95: Closed Ruy Lopez: Breyer Variation with 10 d4} 17. cxd4 c5 18. Bf4 cxd4 {The position is equal.} 19. Nxd4 Ne5 20. b3 d5 {[#]} 21. Bxe5 $146 ({Predecessor:} 21. Qd2 dxe4 22. Nxe4 Nd5 23. Bg3 Rc8 24. Re2 {½-½ (39) Fischer,R (2785)-Spassky,B (2560) Belgrade 1992}) 21... Rxe5 22. Nf3 $1 {[%cal Rf3e5]} Rxe4 (22... Re6 $1 $15 23. Nd4 Re5) 23. Nxe4 dxe4 24. Nd2 {[%cal Rc2e4]} Bb4 25. Re2 {[#]} (25. Nxe4 $11 Bxe1 26. Qxd8+ Rxd8 27. Nxf6+ Kg7 28. Nh5+ gxh5 29. Rxe1) 25... e3 $1 $17 {[%mdl 512]} 26. fxe3 (26. Rxe3 Qxd2) 26... Qb6 27. Qf1 (27. Qe1 $15) 27... Re8 (27... Rc8 $17 28. a3 Bd6) 28. Qf2 $1 $15 Bc5 {[%cal Re8e3]} 29. Nf1 Nd5 $36 {[%cal Rd5e3][%mdl 2048] Black is more active.} 30. Kh1 Re5 {[%cal Be8e5,Be5f5,Bf5f2][%mdl 32]} 31. b4 Nxb4 {Threatens to win with ...Rg5.} 32. Bb3 ({Better is} 32. Qf4 $15 Nxc2 33. Qxe5 Nxa1 34. Qxa1) 32... Rf5 $17 33. Qe1 $2 (33. Qh4 $17 Nd3 34. Rd2) 33... Nd3 $19 34. Qd2 $2 {[#]} (34. Qh4 g5 35. Qh5) 34... Qf6 $1 {[%csl LRa1,LRf1][%mdl 512]} 35. Ree1 Nxe1 {Black mates.} 36. Qxe1 Rf2 37. e4 Qg5 {Accuracy: White = 27%, Black = 61%.} (37... Bxe4 $142 38. Qxe4 Rxf1+ 39. Rxf1 Qxf1+ 40. Kh2 Qg1+ 41. Kg3 Qf2+ 42. Kg4 h5+ 43. Kg5 Kg7 44. Qf4 f6+ {[%mdl 64] X-Ray Attack} 45. Qxf6+ Qxf6#) 0-1

[Event "Bhopal GM Open 2019"]
[Site "Bhopal"]
[Date "2019.12.26"]
[Round "8.10"]
[White "Srikrishnan P"]
[Black "Mirzoev, Azer"]
[Result "0-1"]
[WhiteElo "1898"]
[BlackElo "2457"]
[Annotator "TA"]
[PlyCount "90"]
[EventDate "2019.12.21"]
[EventType "swiss"]
[EventCountry "IND"]
[SourceTitle "playchess.com"]
[Source "ChessBase"]
[SourceQuality "1"]

{[%evp 9,131,23,25,3,19,0,0,0,16,0,0,0,0,0,0,-5,-4,-7,-5,-5,-5,-12,0,0,0,0,-3,-12,-12,-12,-12,-12,-12,-12,-12,-19,-12,-12,-12,-12,-12,-12,-12,-12,-12,-12,-12,-12,-12,-23,-18,-27,-24,-74,-18,-26,-15,-16,-14,-11,-8,-16,-8,-18,0,-16,0,-26,-6,-18,-5,-20,0,-91,-74,-72,-71,-111,-125,-128,-114,-134,-97,-97,-98,-111,-111,-96,-70,-64,-64,-105,-66,-58,-62,-207,-217,-218,-116,-291,-295,-361,-247,-509,-457,-427,-420,-570,-561,-654,-644,-782,-745,-757,-926,-886,-863,-1160,-1128,-2384,-1817,-7037,542,523]} 1. d4 d5 2. c4 e6 3. Nf3 a6 4. cxd5 exd5 5. Nc3 c6 (5... h6 6. Bf4 Nf6 7. e3 Bd6 8. Bxd6 Qxd6 9. Qc2 O-O 10. Bd3 Re8 11. h3 Be6 12. O-O Nbd7 13. a4 {½-½ (40) Shankland,S (2725)-Carlsen,M (2835) Wijk aan Zee 2019}) 6. Bg5 {D31: Queen's Gambit Declined: Semi-Slav without ...Nf6 (+ Marshall Gambit and Noteboom) and Exchange Variation lines without ...Nf6} Be7 7. Bxe7 Nxe7 8. e3 {The position is equal.} O-O 9. Bd3 Bf5 10. O-O Nd7 11. Rc1 $146 ({Predecessor:} 11. b4 b5 12. a4 Nb6 13. Ne5 {½-½ (35) Krishna Teja,N (2371)-Ibarra Jerez,J (2558) Seville 2019}) 11... Re8 12. Na4 Bxd3 13. Qxd3 Nc8 14. Nc5 Nd6 15. Qb3 (15. Rfe1 {seems wilder.} g6 16. Qb3 Rb8 17. Qc2 Kg7 18. Nd3) 15... Rb8 16. Nxd7 Qxd7 17. Ne5 Qe6 18. a4 g6 19. Qb4 Kg7 20. a5 $1 Rbc8 21. b3 h5 22. Nd3 Nb5 23. Nc5 Qe7 24. Rfe1 Rc7 25. Qd2 Qf6 26. Nd3 Rce7 27. Qd1 Qf5 28. Ne5 Nd6 29. Qc2 Qf6 30. Red1 Nf5 31. Nf3 Re6 ({Black should play} 31... g5 $17) 32. h3 Qd8 33. b4 Nd6 34. Ne5 Ne4 35. Nd3 Rf6 36. Rf1 Qe7 37. Nc5 Nd6 38. Rb1 Rf5 39. Rfe1 Qh4 40. f3 Qg5 {Threatens to win with ...Rxf3.} 41. f4 (41. Qe2 $11) 41... Qg3 $17 {And now ...Rxf4! would win.} 42. Qf2 h4 43. Qxg3 hxg3 44. Nd3 f6 45. Re2 Rh5 {Played: Re8-e7} 0-1

[Event "Bhopal GM Open 2019"]
[Site "Bhopal"]
[Date "2019.12.26"]
[Round "8.11"]
[White "Harsh Suresh"]
[Black "Eraschenkov, Denis"]
[Result "0-1"]
[WhiteElo "1843"]
[BlackElo "2386"]
[Annotator "TA"]
[PlyCount "58"]
[EventDate "2019.12.21"]
[EventType "swiss"]
[EventCountry "IND"]
[SourceTitle "playchess.com"]
[Source "ChessBase"]
[SourceQuality "1"]

{[%evp 14,143,37,0,17,0,19,14,18,0,22,0,9,-66,-39,-67,-66,-121,-145,-140,-108,-154,-145,-164,-135,-180,-182,-200,-179,-164,-161,-143,-138,-222,-126,-234,-174,-170,-166,-213,-206,-202,-212,-244,-236,-289,-268,-341,-328,-377,-366,-381,-380,-368,-376,-370,-364,-372,-372,-368,-360,-354,-348,-350,-344,-390,-377,-488,-361,-423,-422,-418,-416,-427,-406,-514,-434,-416,-427,-443,-427,-615,-606,-643,-643,-743,-698,-691,-665,-652,-649,-643,-638,-615,-597,-1489,-1139,-1411,-1363,-12836,-12835,-12839,-12839,-12839,-12839,-12841,-12840,-12840,-12838,-12842,-12839,-12846,-12841,-12846,-12847,-12848,-12848,-12849,-12850,-12850,-12850,-12851,-27999,-12851,-27999,-12851,-27999,-12851,-27999,-12851,-27999,-12851]} 1. e4 e6 2. d4 d5 3. Nc3 Nf6 4. Bg5 dxe4 5. Nxe4 Be7 6. Bxf6 gxf6 7. Nf3 a6 8. Bd3 f5 {C13: French: Classical System: 4 Bg5 Be7, Alekhine-Chatard Attack} 9. Nc3 (9. Ng3 c5 10. dxc5 Nd7 11. b4 b6 12. O-O bxc5 13. b5 h5 14. h4 Nb6 15. Qe2 Qc7 16. Ne5 {1-0 (43) Naiditsch,A (2706)-Bluebaum,M (2471) Deizisau 2013}) 9... Bf6 $146 ({Predecessor:} 9... b5 10. Qe2 Bb7 11. O-O b4 12. Na4 Rg8 13. c4 Rxg2+ 14. Kxg2 Qxd4 15. Rg1 Qg4+ 16. Kf1 Qxf3 {½-½ (43) Weichhold,P (2399)-Heberla,B (2560) Teplice 2015}) 10. Qd2 c5 {The position is equal.} 11. d5 e5 12. O-O-O {aiming for Qh6.} e4 13. Nxe4 (13. Qh6 $11 Bxc3 14. bxc3) 13... fxe4 $15 14. Bxe4 Bg7 {And now ...Qf6 would win.} 15. h4 ({Better is} 15. c3 $15) 15... O-O $17 16. c3 Nd7 $1 {[%cal Bb8d7,Bd7b6,Bb6c4][%mdl 32]} 17. h5 h6 18. Bc2 Qf6 19. Rh3 Rd8 20. Rg3 Nb6 21. Qe3 Nc4 22. Qxc5 b5 23. Nd4 (23. Kb1 $17 {was worth a try.}) 23... Qd6 $40 {[%mdl 128] White is in trouble.} ({Don't go for} 23... Qxf2 $2 24. Rxg7+ $1 {[%mdl 512]} Kh8 25. Rh7+ Kg8 26. Kb1 $18 (26. Qc6 Bg4 $16)) (23... Bd7 $19 {Threatens to win with ...Rac8.} 24. Kb1 Rac8) 24. Qc6 (24. Qxd6 $17 Nxd6 25. Kb1) 24... Bd7 25. Qxd6 Nxd6 26. Nb3 {[#]} Rac8 $1 27. Na5 Re8 28. Bd3 Kf8 29. Kc2 Rc5 {Played: Re8-e5} 0-1

[Event "Bhopal GM Open 2019"]
[Site "Bhopal"]
[Date "2019.12.26"]
[Round "8.12"]
[White "Pranav Vijay"]
[Black "Lakshmi Sandeep, Naidu V"]
[Result "1-0"]
[WhiteElo "2265"]
[BlackElo "1937"]
[Annotator "TA"]
[PlyCount "53"]
[EventDate "2019.12.21"]
[EventType "swiss"]
[EventCountry "IND"]
[SourceTitle "playchess.com"]
[Source "ChessBase"]
[SourceQuality "1"]

{[%evp 10,53,37,36,39,23,57,52,64,54,63,16,17,25,14,21,17,21,35,28,27,-45,0,0,22,27,16,0,0,0,0,-24,58,56,196,188,310,302,287,289,282,279,430,419,556,550]} 1. e4 d6 2. d4 Nf6 3. Nc3 g6 4. Nf3 Bg7 5. Be3 c6 6. Qd2 Nbd7 {B08: Pirc Defence: Classical System} (6... b5 7. Bh6 O-O 8. Bd3 Bg4 9. h4 Nbd7 10. h5 e5 11. Bxg7 Kxg7 12. hxg6 fxg6 13. dxe5 Nxe5 14. O-O-O Nxf3 15. Qh6+ Kg8 16. gxf3 Bxf3 17. e5 Bxh1 18. Bxg6 Bf3 19. exf6 Qc7 20. Rg1 Kh8 21. Be4 Bxe4 22. Qg7+ Qxg7 23. fxg7+ {1-0 (23) Giri,A (2782)-Mamedyarov,S (2801) chess.com INT 2018}) 7. Bh6 Bxh6 8. Qxh6 e5 {White is slightly better.} 9. O-O-O Qe7 10. h3 b5 11. Bd3 Bb7 12. Rhe1 a6 13. Bf1 $146 ({Predecessor:} 13. Kb1 Ng8 14. Qe3 Ngf6 15. Qh6 Ng8 16. Qe3 Ngf6 {½-½ (16) Gharamian,T (2626)-Bachmann,A (2646) Chartres 2017}) 13... Nb6 14. Qe3 Nfd7 15. Nd2 (15. a3 $11) 15... b4 16. Ncb1 {[%cal Bc3b1,Bb1d2,Bd2f3][%mdl 32]} Qe6 17. dxe5 dxe5 18. Nb3 $36 {[%mdl 2048] Strongly threatening Nc5. White is pushing.} a5 $1 19. N1d2 O-O 20. Nf3 a4 (20... Qe7 $11) 21. Nc5 $14 Nxc5 ({Better is} 21... Qxa2 $14 22. Nxd7 (22. Nxb7 a3 $14) 22... a3 23. Nxb6 Rfd8) 22. Qxc5 $18 {[%mdl 64] [#] Double Attack} Nd7 (22... Ba6 {was worth a try.}) 23. Qxb4 Bc8 24. Bc4 Qe8 25. Rd6 c5 (25... Ba6 $142 26. Bxa6 Rxa6) 26. Qd2 {[#] Black must now prevent Qh6.} Kg7 27. Bb5 {Accuracy: White = 47%, Black = 54%.} 1-0

[Event "Bhopal GM Open 2019"]
[Site "Bhopal"]
[Date "2019.12.26"]
[Round "8.13"]
[White "Suthershun A"]
[Black "Raahul V S"]
[Result "0-1"]
[WhiteElo "1743"]
[BlackElo "2252"]
[Annotator "TA"]
[PlyCount "84"]
[EventDate "2019.12.21"]
[EventType "swiss"]
[EventCountry "IND"]
[SourceTitle "playchess.com"]
[Source "ChessBase"]
[SourceQuality "1"]

{[%evp 9,90,37,43,26,31,29,27,-88,-73,-82,-91,-76,-25,-19,0,-98,-99,-105,-108,-104,-102,-108,-66,-119,-117,-143,-143,-154,-151,-147,-149,-162,-162,-165,-170,-206,-216,-244,-223,-383,-368,-419,-282,-283,-277,-279,-267,-289,-291,-287,-220,-358,-343,-344,-334,-391,-392,-404,-399,-386,-383,-344,-333,-463,-471,-466,-469,-480,-435,-595,-593,-569,-570,-557,-549,-597,-597,-597,-593,-592,-571,-530,-524]} 1. e4 e5 2. Nf3 Nc6 3. Bb5 g6 4. c3 a6 5. Bxc6 dxc6 6. d4 {C60: Ruy Lopez: Unusual Black 3rd moves and 3...g6} exd4 7. cxd4 Bg4 8. h3 $146 (8. Nbd2 $11) ({Predecessor:} 8. Qb3 Bxf3 9. gxf3 Bg7 10. Be3 Ne7 11. Nc3 Bxd4 12. Bxd4 Qxd4 13. Qxb7 {0-1 (71) Karjakin,S (2763)-Mamedyarov,S (2809) Berlin 2018}) 8... Bxf3 $1 $17 9. Qxf3 Qxd4 10. O-O Qf6 (10... O-O-O $17) 11. Bf4 $1 $11 O-O-O 12. Nd2 (12. Qe3 $1 $11 {keeps the balance.}) 12... Bh6 $36 {[%mdl 2048] Keeping White busy.} 13. Bxh6 {And now Bf4 would win.} Qxf3 14. Nxf3 {Hoping for Bg7.} Nxh6 15. Rfe1 Rhe8 16. Rac1 (16. Ng5 $15) 16... f6 17. Kh2 Nf7 18. Rc5 Rd6 19. Rc3 a5 20. h4 b6 21. Kg3 Rde6 22. Kf4 {[#]} g5+ $1 {[%mdl 512]} 23. hxg5 fxg5+ 24. Nxg5 $2 (24. Kg3 {was called for.}) 24... Rf6+ $19 25. Kg4 Rg8 26. f4 {[#]} h6 $1 {[%mdl 64] Pin} 27. e5 Rfg6 {[%mdl 64] Pin} 28. e6 {[#]} Nd6 $1 ({Not} 28... Nxg5 29. fxg5 Rxg5+ 30. Kf4 $17) 29. Rxc6 Ne8 30. Rcc1 (30. Re5 {might work better.}) 30... hxg5 31. f5 Rh6 32. Rh1 Nf6+ 33. Kf3 Rgh8 34. Rxh6 Rxh6 {[%mdl 4096] Endgame KRN-KR} 35. Rd1 Rh4 36. e7 {Rd8+ would now be nice for White.} Rf4+ {[%mdl 64] Double Attack. Black is clearly winning.} 37. Kg3 {Threatening Rd8+.} Re4 38. Rd8+ Kb7 39. Rf8 Re3+ 40. Kf2 Ng4+ 41. Kf1 Rxe7 42. Rg8 Ne3+ {Played: Re7-f7} 0-1

[Event "Bhopal GM Open 2019"]
[Site "Bhopal"]
[Date "2019.12.26"]
[Round "8.14"]
[White "Sapaev, Maksad"]
[Black "Sharan, Rao"]
[Result "0-1"]
[WhiteElo "2250"]
[BlackElo "1912"]
[Annotator "TA"]
[PlyCount "96"]
[EventDate "2019.12.21"]
[EventType "swiss"]
[EventCountry "IND"]
[SourceTitle "playchess.com"]
[Source "ChessBase"]
[SourceQuality "1"]

{[%evp 14,96,10,0,0,-27,-32,-8,0,-3,13,19,22,-13,24,0,22,-22,27,-17,-27,-22,-24,-18,-14,-38,-25,-35,-13,-19,-12,-15,0,-28,-33,-161,-62,-145,-149,-148,-108,-195,-106,-166,-179,-468,-429,-464,-478,-464,-417,-409,-409,-417,-404,-418,-414,-412,-404,-408,-401,-523,-535,-558,-525,-522,-518,-512,-512,-512,-511,-636,-634,-612,-612,-29978,-29979,-29979,-29978,-29983,-29984,-29984,-29984,-29986,-29987]} 1. e4 e6 2. d4 d5 3. Nc3 Nf6 4. Bg5 Be7 5. e5 Nfd7 6. h4 h6 7. Bxe7 Qxe7 8. Qg4 O-O {C14: French: Classical System: 4 Bg5 Be7 main line} 9. O-O-O (9. f4 a6 10. Nf3 c5 11. O-O-O Nc6 12. Rh3 cxd4 13. Nxd4 Nxd4 14. Rxd4 f6 15. exf6 Qxf6 16. Qd1 {½-½ (61) Amonatov,F (2614)-Levin,E (2516) St Petersburg 2018}) 9... c5 $1 10. f4 Nc6 {The position is equal.} 11. Nf3 cxd4 12. Nxd4 Nc5 13. Nf3 $146 ({Predecessor:} 13. Nxc6 bxc6 14. Bd3 Rb8 15. Rh3 f5 16. Qe2 {0-1 (34) Calcado,A (2129)-Languidey,S (2355) Ponta Grossa 2017}) 13... Nd7 14. Nd4 Nc5 15. Qh5 f5 16. Rg1 Bd7 17. g3 Nxd4 (17... a6 {feels hotter.} 18. Qf3 Ne4 19. Qe3 Qc5 20. Nxe4 fxe4 21. c3 b5) 18. Rxd4 Ne4 19. Nxe4 $1 fxe4 20. Qd1 Rac8 $36 {[%mdl 2048] Black has some pressure.} 21. Kb1 b5 {[%cal Bb7b5,Bb5b4][%mdl 32]} 22. Qd2 Qc5 23. Rg2 {[#]} a5 $1 {[%mdl 512]} 24. a3 (24. c3 $1 $15) (24. Qxa5 Qxd4) 24... Ra8 (24... Rc7 $19 {aiming for ...b4!} 25. c3 Rfc8) 25. Re2 {[#]} (25. c3 $15) 25... b4 $1 $17 {[%mdl 512]} 26. Re3 {[%cal Ra3b4]} (26. axb4 axb4) 26... Rfb8 27. Ka2 (27. a4 $17 {was worth a try.}) 27... Qb6 ({Better is} 27... Ra7 $19 28. Be2 Rab7) 28. Be2 (28. c4 $17) 28... Rc8 $19 {And now ...Rxc2! would win.} 29. g4 $2 {[#]} (29. Bd1 {was called for.}) 29... Rxc2 $1 {[%mdl 576] Deflection} 30. Qxc2 Qxd4 31. Rh3 Rc8 32. Qd1 Qxd1 33. Bxd1 {[%mdl 4096] Endgame KRB-KRB} Rc1 34. Be2 d4 35. axb4 axb4 36. Kb3 Kf7 37. Bc4 Bc6 {Strongly threatening ...Bd5.} 38. Kxb4 Bd5 39. Bb5 d3 40. Bxd3 exd3 41. Rxd3 {KRB-KR} Rc4+ 42. Kb5 Rxf4 {Threatens to win with ...Bc4+.} 43. Rg3 Rf3 44. Rxf3+ Bxf3 {Black mates.} 45. Kc5 Bxg4 46. Kd6 g5 47. hxg5 hxg5 48. b4 Bf3 {Accuracy: White = 25%, Black = 63%.} 0-1

[Event "Bhopal GM Open 2019"]
[Site "Bhopal"]
[Date "2019.12.26"]
[Round "8.15"]
[White "Ankur Mahesh Gokhale"]
[Black "Deshmukh, Anup"]
[Result "0-1"]
[WhiteElo "1731"]
[BlackElo "2168"]
[Annotator "TA"]
[PlyCount "48"]
[EventDate "2019.12.21"]
[EventType "swiss"]
[EventCountry "IND"]
[SourceTitle "playchess.com"]
[Source "ChessBase"]
[SourceQuality "1"]

{[%evp 19,72,-42,-48,-70,-21,-58,-58,-56,-58,-90,-97,-110,-110,-118,-112,-110,-114,-184,-180,-160,-97,-81,-18,-158,-154,-159,-121,-115,-47,-83,-85,-81,-81,-120,-120,-132,-62,-120,-120,-150,-130,-206,-174,-152,-139,-260,-191,-1514,-1620,-1604,-1603,-1517,-1483,-1460,-1319]} 1. e4 c5 2. d3 Nc6 3. Nf3 d6 4. Nbd2 g6 5. g3 Bg7 6. c3 e5 7. Bg2 Nge7 8. O-O O-O 9. a4 h6 10. Nc4 Be6 11. Ne3 {A04: Unusual lines after 1 Nf3 and King's Indian Attack} (11. Re1 Qd7 12. Nfd2 f5 13. exf5 gxf5 14. f4 exf4 15. gxf4 d5 16. Ne5 Nxe5 17. fxe5 Nc6 18. Nf3 f4 19. d4 cxd4 20. cxd4 {½-½ (31) Yuffa,D (2527)-Alekseev,E (2622) Sochi 2017}) 11... Qd7 12. Ne1 $146 ({Predecessor:} 12. Bd2 Bh3 13. b4 Bxg2 14. Kxg2 cxb4 15. cxb4 f5 16. Bc3 Nd4 17. Bxd4 exd4 18. Qb3+ Kh7 {½-½ (30) Southey,A (1762)-Van der Merwe,A (1476) Bloemfontein 2018}) 12... d5 13. exd5 {Black is slightly better.} Nxd5 ({But not} 13... Bxd5 14. Nxd5 Nxd5 15. a5 $11) 14. N1c2 Rad8 15. Nxd5 Bxd5 16. Bxd5 Qxd5 17. Ne3 Qxd3 18. Qb3 (18. Qxd3 $17 Rxd3 19. Nc4) 18... b6 19. Qb5 Qd7 (19... Na5 $142 20. b4 Qxc3) 20. Nc4 $17 f5 (20... Ne7 $17) 21. f3 (21. a5 $11) 21... f4 {Hoping for ...fxg3.} 22. Nd2 fxg3 23. hxg3 Kh7 (23... Qd5 $17 24. Rb1 {[#]} e4 $1 {[%mdl 512]} 25. fxe4 Qd7) 24. Kg2 g5 {Played: Qd7-d5} 0-1

[Event "Bhopal GM Open 2019"]
[Site "Bhopal"]
[Date "2019.12.26"]
[Round "8.16"]
[White "Safranska, Anda"]
[Black "Shaik Sumer Arsh"]
[Result "0-1"]
[WhiteElo "2112"]
[BlackElo "1826"]
[Annotator "TA"]
[PlyCount "70"]
[EventDate "2019.12.21"]
[EventType "swiss"]
[EventCountry "IND"]
[SourceTitle "playchess.com"]
[Source "ChessBase"]
[SourceQuality "1"]

{[%evp 14,70,23,0,0,-1,0,-26,0,0,14,-10,59,20,43,0,24,23,18,20,24,3,0,12,0,-33,-44,-279,-287,-768,-741,-629,-78,-89,-85,-54,-89,-383,-387,-371,-356,-443,-418,-522,-526,-602,-593,-710,-702,-797,-473,-484,-481,-466,-463,-556,-553,-563,-566]} 1. Nf3 d5 2. g3 c6 3. Bg2 Bg4 4. h3 Bh5 5. d3 Nf6 6. O-O e6 7. Nbd2 Nbd7 8. Qe1 Be7 {A07: Réti Opening: New York and Capablanca Systems} 9. e4 O-O 10. Kh1 dxe4 {Black has an edge.} (10... a5 11. Nh2 Ne8 12. g4 Bg6 {0-1 (51) Sychev,K (2537)-Sargissian,G (2689) St Petersburg 2018}) 11. dxe4 Nc5 $146 ({Predecessor:} 11... Bxf3 12. Bxf3 e5 13. Nc4 Qc7 14. Ne3 g6 15. Qe2 Rfd8 16. Ng4 Nxg4 17. Bxg4 {1-0 (27) Kallio,H (2360)-Shavtvaladze,N (2289) Patras 1999}) 12. Ne5 Bd6 (12... Nfd7 $11 13. Nxd7 Qxd7) 13. Nec4 Bc7 14. f4 {Hoping for g4.} Bg6 (14... b5 $5 {[%cal Rb5c4]} 15. Ne5 Bxe5 16. fxe5 Nfd7 $11) 15. Qe3 Na6 16. g4 {White wants to play f5.} b5 17. Na3 Re8 $36 {[%mdl 2048] Black is pushing.} 18. c3 Rb8 19. Qf3 Nc5 {Strongly threatening ...Ncxe4.} 20. Rd1 $2 ({White should try} 20. e5 $15 Nfe4 21. Qe3 Nxd2 22. Qxd2 (22. Bxd2 Bb6 $17)) 20... Nd3 $1 $19 21. f5 $2 (21. Nc2 Nxe4 {[%mdl 64] Decoy} 22. Nxe4 Bxe4 23. Qxe4 Nf2+ {[%mdl 64] Double Attack, Discovered Attack} 24. Kg1 Nxd1 25. Nd4) 21... exf5 22. exf5 {[#]} Qd6 $2 (22... Nxg4 $1 $19 {[%mdl 512]} 23. Ne4 {[#]} (23. Qxg4 Nf2+) 23... Ngf2+ $1 {[%mdl 576] Double Attack} 24. Kg1 Rxe4 25. fxg6 fxg6 26. Qxf2 Bb6 {[%mdl 64] Pin, Zwischenzug} 27. Bxe4 Bxf2+ 28. Kh1 Qh4 $1 {[%mdl 576] Double Attack}) 23. Nf1 $17 Nf2+ 24. Qxf2 Qxd1 25. Bf4 $2 {[%mdl 8192]} (25. Rb1 $17) 25... Qxa1 $19 26. Bxc7 Rbc8 27. Bf4 Ne4 28. Qc2 Qe1 {Black is clearly winning.} 29. Kg1 Rcd8 30. fxg6 hxg6 31. Qc1 Rd1 32. Qe3 Qxe3+ 33. Bxe3 Ng3 34. Kf2 Nxf1 35. Bxf1 {[#]} Rxf1+ $1 {[%mdl 512] Accuracy: White = 27%, Black = 60%.} 0-1